Česká krajina /

Hlavní autor: Hauner, Miroslav, 1950-
Jazyk: Čeština
Vydáno: Plzeň : Západočeské nakladatelství, 1990
Vydání: 2. vyd.
Témata:
Externí odkaz: Digitalizovaný dokument
Fyzický popis: 135 s., barev. obr. příl. : il.
Language note: Vícejazyčné resumé
Knihy
Uloženo v:
LEADER 01080nam a22003012a 4500
001 000208253
003 CZ BrMZK
005 20080124081632.0
007 ta
008 010907s1990 xr af f cze d
015 |a cnb000056605 
035 |a (OCoLC)85585226 
040 |a BOA001  |b cze 
041 0 |a cze  |b mul 
080 9 |a 914.371 
100 1 |a Hauner, Miroslav,  |d 1950-  |7 jk01040176  |4 aut 
245 1 0 |a Česká krajina /  |c Miroslav Hauner 
250 |a 2. vyd. 
260 |a Plzeň :  |b Západočeské nakladatelství,  |c 1990 
300 |a 135 s., barev. obr. příl. :  |b il. 
546 |a Vícejazyčné resumé 
856 4 1 |u http://www.digitalniknihovna.cz/mzk/uuid/uuid:4b2cfdf0-bbfc-11e4-b2e2-005056827e52  |y Digitalizovaný dokument  |x NDK 
910 |a BOA001  |b TK-A-0244.371  |b 4-0955.709 
920 |a 000365367 
964 |a Čechy - publikace obrazové 
990 |a BK 
996 6 |b 2619785315  |c 4-0955.709  |l MZK  |r Sklad / do 1 hodiny  |n 6  |w 000208253  |u 000020  |a 1  |e BOA001  |j MZK50  |s P 
996 6 |b 2629994014  |c TK-A-0244.371  |l MZK  |r Sklad / do 24 hodin  |n 3  |w 000208253  |u 000010  |a 1  |e BOA001  |j MZK50  |s P